[Event "IND-ch (Women) 33rd"]
[Site "Chennai"]
[Date "2006.12.11"]
[Round "6"]
[White "Priya Panneer, Ramachandran"]
[Black "Sangeetha, MR."]
[Result "1/2-1/2"]
[WhiteElo "2128"]
[BlackElo "2093"]
[PlyCount "55"]
[EventDate "2006.12.07"]
[EventType "swiss"]
[EventRounds "11"]
[EventCountry "IND"]
[SourceTitle "EXT 2010"]
[Source "ChessBase"]
[SourceDate "2010.11.25"]
[SourceVersion "1"]
[SourceVersionDate "2010.11.25"]
[SourceQuality "1"]

1. e4 e6 2. d4 d5 3. e5 c5 4. c3 Nc6 5. Nf3 Qb6 6. a3 c4 7. Nbd2 Na5 8. g3 Bd7 9. Bh3 h6 10. 0-0 g5 11. Qe2 Ne7 12. Ne1 h5 13. f4 g4 14. Bg2 Nf5 15. Nc2 0-0-0 16. Ne3 Ba4 17. Nxf5 exf5 18. Re1 Qe6 19. Nf1 h4 20. Ne3 Be7 21. Bd2 Nb3 22. Rab1 Bc6 23. Kf2 Kb8 24. Nf1 Rh7 25. Kg1 Rdh8 26. Kf2 Rh5 27. Kg1 hxg3 28. hxg3 1/2-1/2